00459nam a2200181Ia 4500008004100000020001400041245003800055245004700093260001500140260001600155260000900171300001500180300002500195300001000220440002000230500000800250999001900258170705s9999 xx 000 0 und d a439192966 aHorrible Harry goes to the moon / cSuzy Kline ; pictures by Frank Remkiewicz. aNew York : bScholastic, c2000 a51 pages : bcolor illustration ; c19cm. aHorrible Harry. a340 c335594d335594